000 00857nam a22002297a 4500
001 2589
005 20240103141428.0
020 _a9780545649407
040 _aFISKH
_beng
_cFISKH
_dFISKH
050 _aPZ7.P27653
082 _a813.54
100 _aPatterson, James
245 _aI funny :
_bA middle school story
_cJames Patterson
250 _aFirst Scholastic printing, September 2013
260 _aNew York :
_bScholastic,
_c2012
300 _a303 pages :
_c20 cm
505 _aM
520 _aResolving to become the world's greatest stand-up comedian despite less-than-funny challenges in his life, wheelchair-bound middle school student Jamie Grimm endures bullying from his mean-spirited cousin and hopes he will be fairly judged when he enters a local comedy contest.
521 _a610
_bLexile
521 _aM
_bRaz-Plus
942 _2ddc
_cBK
_n0
999 _c2589
_d2589